[Event "The next great mini-tournament (1700-2100) "]
[Site "SchemingMind.com"]
[Date "2008.10.30"]
[Round "-"]
[White "RIMA7000"]
[Black "harmy"]
[Result "1-0"]
[WhiteCountry "PER"]
[BlackCountry "USA"]
[WhiteElo "2067"]
[WhiteRD "93"]
[BlackElo "1894"]
[BlackRD "82"]
[GameID "176335"]

1. Nf3 d5 2. d4 Nf6 3. c4 c6 4. Nc3 dxc4 5. a4 Bf5 6. e3 e6 7. Bxc4 Bb4 8. O-O Nbd7 9. Qe2 Bg6 10. e4 Bxc3
11. bxc3 Nxe4 12. Ba3 Qc7 13. Rfc1 O-O-O 14. a5 Rhe8 15. Bd3 Nd6 16. a6 b6 17. Bxg6 hxg6 18. Re1 Rh8 19. Bc1 Rh5 20. Bf4 Nf6
21. c4 Rf5 22. Be5 c5 23. Rad1 Nfe8 24. g4
1-0

[Event "The next great mini-tournament (1700-2100) "]
[Site "SchemingMind.com"]
[Date "2008.10.30"]
[Round "-"]
[White "harmy"]
[Black "RIMA7000"]
[Result "0-1"]
[WhiteCountry "USA"]
[BlackCountry "PER"]
[WhiteElo "1894"]
[WhiteRD "82"]
[BlackElo "2067"]
[BlackRD "93"]
[GameID "176336"]

1. d4 Nf6 2. c4 e6 3. Nc3 d5 4. Nf3 c6 5. e3 Nbd7 6. Bd3 dxc4 7. Bxc4 b5 8. Bd3 Bb7 9. O-O a6 10. e4 c5
11. e5 cxd4 12. Nxb5 axb5 13. exf6 Qxf6 14. Bxb5 Bc5 15. Bxd7+ Kxd7 16. Qb3 Bxf3 17. Qb5+ Kd6 18. b4 Ba7 19. gxf3 Qxf3 20. Bd2 Rhb8
21. Qg5 h6 22. Bf4+ Kd7 23. Qe5 Ke8 24. Bg3 Rxb4 25. Qxg7 d3 26. Qh8+ Ke7 27. Qe5 Re4 28. Qd6+ Kf6 29. Rad1 Bd4
0-1

[Event "The next great mini-tournament (1700-2100) "]
[Site "SchemingMind.com"]
[Date "2008.10.29"]
[Round "-"]
[White "GBEDARD"]
[Black "harmy"]
[Result "1-0"]
[WhiteCountry "USA"]
[BlackCountry "USA"]
[WhiteElo "2060"]
[WhiteRD "108"]
[BlackElo "1864"]
[BlackRD "88"]
[GameID "176806"]

1. e4 e5 2. Nf3 Nc6 3. Bb5 a6 4. Ba4 Nf6 5. O-O Nxe4 6. d4 b5 7. Bb3 d5 8. dxe5 Be6 9. c3 Bc5 10. Nbd2 O-O
11. Bc2 Nxf2 12. Rxf2 f6 13. exf6 Qxf6 14. Qf1 Ne5 15. Nd4 Qh4 16. N2b3 Ng4 17. g3 Nxf2 18. gxh4 Nh3+ 19. Kg2 Rxf1 20. Kxf1 Rf8+
21. Ke1 Bxd4 22. Nxd4 Bg4 23. b4 Rf2 24. a4 Rxh2 25. axb5 axb5 26. Ra8+ Kf7 27. Bxh7 Rh1+ 28. Kd2 Nf4 29. Nxb5 Rxh4 30. Bg8+ Kg6
31. Nxc7 Rh3 32. b5
1-0

[Event "The next great mini-tournament (1700-2100) "]
[Site "SchemingMind.com"]
[Date "2008.10.30"]
[Round "-"]
[White "GBEDARD"]
[Black "RIMA7000"]
[Result "1/2-1/2"]
[WhiteCountry "USA"]
[BlackCountry "PER"]
[WhiteElo "2024"]
[WhiteRD "90"]
[BlackElo "2075"]
[BlackRD "88"]
[GameID "176807"]

1. e4 c5 2. Nf3 Nc6 3. d4 cxd4 4. Nxd4 d6 5. Nc3 Nf6 6. Bc4 e5 7. Nf3 Be7 8. O-O O-O 9. a3 Be6 10. Qd3 Rc8
11. Ba2 Bg4 12. h3 Bh5 13. Bd2 a6 14. Rfe1 h6 15. Rac1 Bxf3 16. Qxf3 Nd4 17. Qd3 Nd7 18. Nd5 Bg5 19. Bxg5 Qxg5 20. c3 Ne6
21. Rcd1 Rc6 22. Qf3 Nf4 23. Qg3 Nxd5=
1/2-1/2

[Event "The next great mini-tournament (1700-2100) "]
[Site "SchemingMind.com"]
[Date "2008.10.29"]
[Round "-"]
[White "harmy"]
[Black "GBEDARD"]
[Result "0-1"]
[WhiteCountry "USA"]
[BlackCountry "USA"]
[WhiteElo "1864"]
[WhiteRD "88"]
[BlackElo "2060"]
[BlackRD "108"]
[GameID "176808"]

1. d4 Nf6 2. c4 e6 3. Nc3 d5 4. Nf3 Be7 5. e3 O-O 6. Bd3 dxc4 7. Bxc4 c5 8. O-O cxd4 9. exd4 a6 10. Be3 b5
11. Bd3 Bb7 12. Rc1 b4 13. Ne2 Bxf3 14. gxf3 Nbd7 15. Ng3 Qa5 16. Qb3 Rac8 17. Bc4 Nb6 18. Bxe6 fxe6 19. Qxe6+ Rf7 20. Rxc8+ Nxc8
21. Qxc8+ Bf8 22. Qc4 Nd5 23. Kg2 Rc7 24. Qb3 Kh8 25. Re1 Re7 26. Rc1 Re8 27. Ne4 Qd8 28. Bg5 Qd7 29. Ng3 Nb6 30. Be3 Nd5
31. Rc2 a5 32. Re2 Be7 33. Qc4 Rc8 34. Qa6 a4 35. Ne4 Rc6 36. Qa8+ Rc8 37. Qa5 Qc6 38. b3 Ra8
0-1

[Event "The next great mini-tournament (1700-2100) "]
[Site "SchemingMind.com"]
[Date "2008.10.31"]
[Round "-"]
[White "RIMA7000"]
[Black "GBEDARD"]
[Result "1/2-1/2"]
[WhiteCountry "PER"]
[BlackCountry "USA"]
[WhiteElo "2075"]
[WhiteRD "88"]
[BlackElo "2024"]
[BlackRD "90"]
[GameID "176809"]

1. d4 Nf6 2. c4 e6 3. Nc3 Bb4 4. f3 d5 5. a3 Bxc3+ 6. bxc3 O-O 7. e3 Re8 8. cxd5 exd5 9. Bd3 b6 10. Ne2 c5
11. a4 Ba6 12. Bb5 Bxb5 13. axb5 c4 14. O-O a6 15. Ng3 Qd7 16. bxa6 Rxa6 17. Bd2 b5 18. Qc2 Rae6 19. Qf5 h6 20. Qh3 Nc6
21. Rfb1 Qb7 22. Nf5 Ne7 23. Ra5 Rb6 24. Rba1 Nxf5 25. Qxf5=
1/2-1/2

[Event "The next great mini-tournament (1700-2100) "]
[Site "SchemingMind.com"]
[Date "2008.10.29"]
[Round "-"]
[White "aadaam"]
[Black "harmy"]
[Result "1-0"]
[WhiteCountry "INT"]
[BlackCountry "USA"]
[WhiteElo "1780"]
[WhiteRD "44"]
[BlackElo "1864"]
[BlackRD "88"]
[GameID "176828"]

1. e4 Nf6 2. e5 Nd5 3. d4 d6 4. Nf3 Bg4 5. c4 Nb6 6. Be2 Nc6 7. Nc3 dxe5 8. d5 Bxf3 9. Bxf3 Nd4 10. c5 Nd7
11. Be3 Nxf3+ 12. Qxf3 g6 13. Rd1 f5 14. c6 Nb6 15. g4 Bg7 16. gxf5 O-O 17. Rg1 Rxf5 18. Qe4 Qc8 19. cxb7 Qxb7 20. Bh6 Raf8
21. Bxg7 Kxg7 22. Qb4 R8f7 23. Ne4 Rf4 24. f3 a5 25. Qc3 Nd7 26. Ng5 R7f5 27. Ne6+ Kg8 28. Nxf4 exf4 29. Rg2 Ne5 30. Re2 Qb4
31. Qxb4 axb4 32. Kf2 Kf7 33. Rc2 Rh5 34. Rh1 Rh3 35. Rxc7 Rxf3+ 36. Kg2 Rd3 37. Rf1 g5 38. Rb7 Ng4 39. Re1 Ne3+ 40. Kf2 Nxd5
41. Rd7 Rd2+ 42. Re2 Rxe2+ 43. Kxe2 Ke6 44. Rb7 h5 45. a4 bxa3 46. bxa3 g4 47. Rb3 f3+ 48. Kf2 h4 49. h3 g3+ 50. Kxf3 Kd6
51. Kg4 g2 52. Rb1
1-0

[Event "The next great mini-tournament (1700-2100) "]
[Site "SchemingMind.com"]
[Date "2008.10.30"]
[Round "-"]
[White "aadaam"]
[Black "RIMA7000"]
[Result "0-1"]
[WhiteCountry "INT"]
[BlackCountry "PER"]
[WhiteElo "1778"]
[WhiteRD "44"]
[BlackElo "2067"]
[BlackRD "93"]
[GameID "176829"]

1. e4 c5 2. Nf3 Nc6 3. d4 cxd4 4. Nxd4 d6 5. c4 g6 6. Nc3 Nf6 7. f3 Bg7 8. Be3 O-O 9. Qd2 Qa5 10. Ncb5 Qxd2+
11. Kxd2 a6 12. Nxc6 bxc6 13. Nc3 a5 14. c5 Be6 15. cxd6 exd6 16. Rc1 d5 17. e5 Nd7 18. f4 f6 19. exf6 Nxf6 20. Na4 d4
21. Bxd4 Rad8 22. Kd3 Ng4
0-1

[Event "The next great mini-tournament (1700-2100) "]
[Site "SchemingMind.com"]
[Date "2008.10.30"]
[Round "-"]
[White "aadaam"]
[Black "GBEDARD"]
[Result "0-1"]
[WhiteCountry "INT"]
[BlackCountry "USA"]
[WhiteElo "1780"]
[WhiteRD "44"]
[BlackElo "2060"]
[BlackRD "108"]
[GameID "176830"]

1. e4 d6 2. d4 Nf6 3. Nc3 g6 4. Nf3 Bg7 5. Bc4 c6 6. Qe2 d5 7. exd5 cxd5 8. Bb5+ Nc6 9. Ne5 Bd7 10. Nxd7 Nxd7
11. Be3 a6 12. Bxc6 bxc6 13. O-O Qb6 14. Qd3 Qxb2 15. Rab1 Qa3 16. Rb3 Qd6 17. Rfb1 e5 18. dxe5 Bxe5 19. g3 O-O 20. f4 Bf6
21. Na4 Rfe8 22. c4 Rxe3 23. Qxe3 dxc4 24. Qf3 cxb3 25. Rd1 Qxd1+ 26. Qxd1 bxa2 27. Qxd7 a1=Q+
0-1

[Event "The next great mini-tournament (1700-2100) "]
[Site "SchemingMind.com"]
[Date "2008.10.29"]
[Round "-"]
[White "harmy"]
[Black "aadaam"]
[Result "1-0"]
[WhiteCountry "USA"]
[BlackCountry "INT"]
[WhiteElo "1864"]
[WhiteRD "88"]
[BlackElo "1780"]
[BlackRD "44"]
[GameID "176831"]

1. d4 e6 2. c4 Nf6 3. Nc3 Bb4 4. a3 Bxc3+ 5. bxc3 O-O 6. e3 b6 7. Ne2 Bb7 8. Ng3 d5 9. f3 Nc6 10. Bd3 dxc4
11. Bxc4 Qe7 12. e4 h6 13. O-O Na5 14. Ba2 c5 15. e5 Nd5 16. Ne4 Rfd8 17. Qe1 cxd4 18. cxd4 Rac8 19. Bxd5 Rxd5 20. Nf6+ gxf6
21. Bxh6 Kh7 22. Qh4 Rxd4 23. Bf4+ Kg8 24. exf6 Qc5 25. Qg3+ Kf8 26. Be3 Nc4 27. Qg7+ Ke8 28. Qg8+ Kd7 29. Qxf7+ Kc6 30. Qxe6+ Kb5
31. Bxd4 Qxd4+ 32. Kh1 Rf8 33. Qe7 Rxf6 34. Qxb7 Nd2 35. Rfc1 Rh6 36. a4+ Kb4 37. Qe7+ Rd6 38. Qe2 Nb3 39. Qb5#
1-0

[Event "The next great mini-tournament (1700-2100) "]
[Site "SchemingMind.com"]
[Date "2008.10.31"]
[Round "-"]
[White "RIMA7000"]
[Black "aadaam"]
[Result "1-0"]
[WhiteCountry "PER"]
[BlackCountry "INT"]
[WhiteElo "2067"]
[WhiteRD "93"]
[BlackElo "1778"]
[BlackRD "44"]
[GameID "176832"]

1. e4 e6 2. d4 d5 3. Nc3 Bb4 4. f3 Ne7 5. Ne2 c5 6. a3 Bxc3+ 7. Nxc3 cxd4 8. Qxd4 O-O 9. exd5 exd5 10. Bf4 Nbc6
11. Qc5 b6 12. Qd6 Bb7 13. O-O-O Qxd6 14. Bxd6 Rfd8 15. Nxd5 Nxd5 16. Rxd5 Rac8 17. Rd1 Rd7 18. Bc4 Rcd8 19. Bg3 g6 20. Rxd7 Rxd7
21. b4 Kg7 22. Rd1 Re7 23. Rd6 Ne5 24. Bxe5+ Rxe5 25. Rd7 Bc6 26. Rxf7+ Kh6 27. Rxa7 Re1+ 28. Kb2 Rg1 29. b5 Be8 30. g4 Rg2
31. Re7
1-0

[Event "The next great mini-tournament (1700-2100) "]
[Site "SchemingMind.com"]
[Date "2008.10.29"]
[Round "-"]
[White "GBEDARD"]
[Black "aadaam"]
[Result "1-0"]
[WhiteCountry "USA"]
[BlackCountry "INT"]
[WhiteElo "2060"]
[WhiteRD "108"]
[BlackElo "1780"]
[BlackRD "44"]
[GameID "176833"]

1. e4 e6 2. d4 d5 3. Nc3 Bb4 4. e5 c5 5. a3 Bxc3+ 6. bxc3 Qc7 7. Qg4 f5 8. Qg3 cxd4 9. cxd4 Ne7 10. Bd2 O-O
11. Rc1 b6 12. c4 Nbc6 13. Nf3 Ba6 14. cxd5 Bxf1 15. d6 Qd7 16. dxe7 Nxe7 17. Rxf1 Rac8 18. Rd1 Qa4 19. Ng5 Qxd4 20. Nxe6 Qe4+
21. Be3 Rf7 22. Ng5
1-0

[Event "The next great mini-tournament (1700-2100) "]
[Site "SchemingMind.com"]
[Date "2008.10.30"]
[Round "-"]
[White "keen"]
[Black "harmy"]
[Result "0-1"]
[WhiteCountry "SCO"]
[BlackCountry "USA"]
[WhiteElo "1740"]
[WhiteRD "57"]
[BlackElo "1864"]
[BlackRD "88"]
[GameID "176918"]

1. d4 d5 2. e3 Nf6 3. Bd3 g6 4. Nd2 Bg7 5. f4 Nc6 6. Ngf3 Ng4 7. Qe2 Nh6 8. O-O Qd6 9. Ne5 O-O 10. Ndf3 Nd8
11. Nh4 c5 12. c3 c4 13. Bc2 b5 14. g4 f6 15. g5 fxe5 16. dxe5 Qc6 17. gxh6 Bxh6 18. Qg2 Bg7 19. f5 Bxe5 20. Bd2 d4
21. fxg6 Qxg2+ 22. Nxg2 Rxf1+ 23. Rxf1 d3 24. gxh7+ Kxh7 25. Bd1 Bd7 26. e4 Rb8 27. Nh4 b4 28. Nf5 bxc3 29. bxc3 Rb2 30. Rf2 Nc6
31. Ne3 Be6 32. Nf1 Rxa2 33. Rf8 Kg7 34. Rf3 Bg4 35. Rf2 Bxd1
0-1

[Event "The next great mini-tournament (1700-2100) "]
[Site "SchemingMind.com"]
[Date "2008.10.30"]
[Round "-"]
[White "keen"]
[Black "RIMA7000"]
[Result "0-1"]
[WhiteCountry "SCO"]
[BlackCountry "PER"]
[WhiteElo "1694"]
[WhiteRD "57"]
[BlackElo "2067"]
[BlackRD "93"]
[GameID "176919"]

1. d4 Nf6 2. e3 e6 3. Bd3 d5 4. Nd2 c5 5. c3 Be7 6. f4 Qb6 7. Ngf3 O-O 8. O-O Nc6 9. Ne5 Bd7 10. g4 Rad8
11. g5 Ne8 12. Bxh7+ Kxh7 13. Qh5+ Kg8 14. g6 fxg6 15. Nxg6 Rf5 16. Nxe7+ Nxe7 17. Qg4 cxd4 18. cxd4 e5 19. Qg3 Rf6 20. Nf3 exf4
21. Qh4 fxe3 22. Bxe3 Nf5 23. Ng5 Nxh4
0-1

[Event "The next great mini-tournament (1700-2100) "]
[Site "SchemingMind.com"]
[Date "2008.10.30"]
[Round "-"]
[White "keen"]
[Black "GBEDARD"]
[Result "0-1"]
[WhiteCountry "SCO"]
[BlackCountry "USA"]
[WhiteElo "1740"]
[WhiteRD "57"]
[BlackElo "2060"]
[BlackRD "108"]
[GameID "176920"]

1. d4 Nf6 2. e3 d5 3. Bd3 c5 4. c3 Nc6 5. f4 Bg4 6. Nf3 e6 7. O-O Bd6 8. Nbd2 cxd4 9. cxd4 O-O 10. h3 Bf5
11. Bxf5 exf5 12. Ne5 Rc8 13. g4 Nb4 14. g5 Nc2 15. gxf6 Nxa1 16. Rf2 Qxf6 17. Rg2 Bxe5 18. dxe5 Qc6
0-1

[Event "The next great mini-tournament (1700-2100) "]
[Site "SchemingMind.com"]
[Date "2008.10.30"]
[Round "-"]
[White "keen"]
[Black "aadaam"]
[Result "0-1"]
[WhiteCountry "SCO"]
[BlackCountry "INT"]
[WhiteElo "1740"]
[WhiteRD "57"]
[BlackElo "1780"]
[BlackRD "44"]
[GameID "176921"]

1. d4 e6 2. e3 b6 3. Nd2 Bb7 4. Ngf3 c5 5. c3 Nf6 6. g3 d5 7. Bg2 Nc6 8. O-O cxd4 9. exd4 Be7 10. Re1 O-O
11. Qc2 Rc8 12. Qd1 Qc7 13. Ne5 Nxe5 14. dxe5 Nd7 15. Nf3 Rfd8 16. Bf4 Nf8 17. Nd4 Ng6 18. Qd2 Nxf4 19. Qxf4 Ba6 20. Rac1 Bd3
21. Bf1 Be4 22. Rxe4 dxe4 23. Qxe4 Bc5 24. Bd3 Bxd4 25. Qxh7+ Kf8 26. Qh8+ Ke7 27. Qh4+ f6 28. exf6+ Bxf6 29. Qb4+ Qc5 30. Qe4 Qd5
31. Qb4+ Qd6
0-1

[Event "The next great mini-tournament (1700-2100) "]
[Site "SchemingMind.com"]
[Date "2008.10.30"]
[Round "-"]
[White "harmy"]
[Black "keen"]
[Result "1-0"]
[WhiteCountry "USA"]
[BlackCountry "SCO"]
[WhiteElo "1864"]
[WhiteRD "88"]
[BlackElo "1740"]
[BlackRD "57"]
[GameID "176922"]

1. d4 d5 2. c4 e6 3. Nf3 Nf6 4. Nc3 Be7 5. e3 dxc4 6. Bxc4 O-O 7. O-O Nbd7 8. e4 c6 9. e5 Nd5 10. Ne4 N7b6
11. Bd3 Nb4 12. Bb1 Qc7 13. Bf4 Nc4 14. Nfg5 h6 15. Qh5 Qb6 16. Nf3 f5 17. exf6 Bxf6 18. Qg6 Bxd4 19. Bxh6 Bxb2 20. Neg5
1-0

[Event "The next great mini-tournament (1700-2100) "]
[Site "SchemingMind.com"]
[Date "2008.10.30"]
[Round "-"]
[White "GBEDARD"]
[Black "keen"]
[Result "1-0"]
[WhiteCountry "USA"]
[BlackCountry "SCO"]
[WhiteElo "2024"]
[WhiteRD "90"]
[BlackElo "1638"]
[BlackRD "56"]
[GameID "176924"]

1. e4 c5 2. Nf3 d6 3. d4 cxd4 4. Nxd4 Nc6 5. Nc3 g6 6. Be3 Bg7 7. f3 Nf6 8. Qd2 O-O 9. Bc4 a6 10. Nxc6 bxc6
11. O-O Rb8 12. b3 Qa5 13. Nd5 Qxd2 14. Bxd2 cxd5 15. exd5 Bb7 16. Rae1 Rfe8 17. Bg5 h6 18. Bxf6 Bxf6 19. f4 Bc8 20. Kf2 Bd4+
21. Kf3 h5 22. Re4 Bg7 23. Re3 Bb7 24. Ke2 Rbc8 25. f5 g5 26. Kd3 Be5 27. Rfe1 Kg7 28. Rxe5 dxe5 29. Rxe5 Kf6 30. Kd4 Red8
31. Bd3 Rc7 32. c4 Rcd7 33. Be2 g4 34. h3 Rg8 35. hxg4 hxg4 36. Bd3 g3 37. Re4 Rdd8 38. Kc5 Rd6 39. Re3 Bc8 40. b4 Rg5
41. a4 Bd7 42. b5 axb5 43. axb5 Bxf5 44. Rf3 Kg6 45. b6 Bxd3 46. Rxd3 Kh5 47. b7 Rg8 48. Re3 Rd7 49. Kc6 Rdd8 50. Rxe7 f5
51. Kc7 f4 52. d6 f3 53. gxf3 g2 54. Re1 Kh4 55. f4 Kh3 56. c5 Kh2 57. c6 g1=Q 58. Rxg1 Kxg1 59. d7 Kf2 60. Kb6 Rg6
61. f5 Rf6 62. Kc7 Rff8 63. Kd6 Rxf5 64. c7 Rh8 65. c8=Q
1-0

[Event "The next great mini-tournament (1700-2100) "]
[Site "SchemingMind.com"]
[Date "2008.10.31"]
[Round "-"]
[White "aadaam"]
[Black "keen"]
[Result "1-0"]
[WhiteCountry "INT"]
[BlackCountry "SCO"]
[WhiteElo "1780"]
[WhiteRD "44"]
[BlackElo "1740"]
[BlackRD "57"]
[GameID "176925"]

1. e4 c6 2. d4 d5 3. exd5 cxd5 4. Bd3 Nc6 5. c3 g6 6. Nf3 Bg7 7. O-O Nh6 8. Re1 O-O 9. Bxh6 Bxh6 10. Nbd2 Qc7
11. Qc2 e6 12. Ne5 Bg7 13. f4 Nxe5 14. fxe5 Qe7 15. Re3 Bd7 16. Rf1 Be8 17. Nf3 a6 18. Qf2 Rc8 19. Qg3 Rc7 20. h4 Kh8
21. Ng5 f6 22. Nxe6 Qxe6 23. exf6
1-0

[Event "The next great mini-tournament (1700-2100) "]
[Site "SchemingMind.com"]
[Date "2008.10.31"]
[Round "-"]
[White "ibukuno"]
[Black "keen"]
[Result "1-0"]
[WhiteCountry "NGR"]
[BlackCountry "SCO"]
[WhiteElo "1867"]
[WhiteRD "74"]
[BlackElo "1740"]
[BlackRD "57"]
[GameID "177014"]

1. e4 c6 2. d4 d5 3. Nc3 dxe4 4. Nxe4 Bf5 5. Ng3 Bg6 6. Nf3 Nf6 7. Ne5 Nbd7 8. Nxg6 hxg6 9. Bc4 Qc7 10. Be3 Nb6
11. Bb3 O-O-O 12. Bxf7 e5 13. Be6+ Kb8 14. c3 exd4 15. cxd4 Nc4 16. Bxc4 Bb4+ 17. Kf1 Ng4 18. Qxg4 Ka8 19. Qxg6 Rh6 20. Bxh6 gxh6
21. Qf6 Rxd4 22. Qxd4 c5 23. Qh8+
1-0

[Event "The next great mini-tournament (1700-2100) "]
[Site "SchemingMind.com"]
[Date "2008.10.31"]
[Round "-"]
[White "ibukuno"]
[Black "harmy"]
[Result "1-0"]
[WhiteCountry "NGR"]
[BlackCountry "USA"]
[WhiteElo "1867"]
[WhiteRD "74"]
[BlackElo "1864"]
[BlackRD "88"]
[GameID "177015"]

1. e4 Nf6 2. Nc3 d6 3. Nf3 g6 4. Bc4 Bg7 5. O-O Nc6 6. a3 Bg4 7. h3 Bxf3 8. Qxf3 Nd4 9. Qd1 O-O 10. d3 a6
11. Be3 Nd7 12. Rb1 Nb6 13. Ba2 Rc8 14. Ne2 c5 15. c3 Nxe2+ 16. Qxe2 Qd7 17. d4 cxd4 18. Bxd4 Bxd4 19. cxd4 Qa4 20. Rfd1 Rc2
21. Qf3 e6 22. Bb3 Qc6 23. Bxc2 Qxc2 24. Qd3
1-0

[Event "The next great mini-tournament (1700-2100) "]
[Site "SchemingMind.com"]
[Date "2008.10.31"]
[Round "-"]
[White "ibukuno"]
[Black "RIMA7000"]
[Result "1/2-1/2"]
[WhiteCountry "NGR"]
[BlackCountry "PER"]
[WhiteElo "1810"]
[WhiteRD "71"]
[BlackElo "2075"]
[BlackRD "88"]
[GameID "177016"]

1. e4 e5 2. Nf3 Nf6 3. Nc3 Nc6 4. Bc4 Bc5 5. a3 d6 6. h3 O-O 7. O-O Nd4 8. d3 Be6 9. Bxe6 fxe6 10. Na4 Nxf3+
11. Qxf3 Bd4 12. c3 Bxf2+ 13. Rxf2 b5 14. Bg5 h6 15. Bh4 bxa4 16. Qe3 g5 17. Bg3 Nh5 18. Raf1 Rxf2 19. Rxf2 c5 20. Qf3 Qe8
21. h4 Qg6 22. hxg5 hxg5=
1/2-1/2

[Event "The next great mini-tournament (1700-2100) "]
[Site "SchemingMind.com"]
[Date "2008.10.31"]
[Round "-"]
[White "ibukuno"]
[Black "GBEDARD"]
[Result "1-0"]
[WhiteCountry "NGR"]
[BlackCountry "USA"]
[WhiteElo "1840"]
[WhiteRD "73"]
[BlackElo "2041"]
[BlackRD "104"]
[GameID "177017"]

1. e4 d6 2. d4 Nf6 3. Nc3 g6 4. Nf3 Bg7 5. Bd3 O-O 6. O-O c5 7. h3 cxd4 8. Nxd4 Nbd7 9. Be3 Nc5 10. Nb3 Nxd3
11. cxd3 Bd7 12. Qd2 b5 13. a3 a5 14. Nd4 Qb8 15. b4 e5 16. Nf3 Rc8 17. bxa5 Qc7 18. Rfc1 Qxa5 19. Ne2 Qxd2 20. Bxd2 Rxc1+
21. Bxc1 b4 22. Bb2 Bb5 23. Ne1 b3 24. Nc3 Ba6 25. a4 Bh6 26. Nb5 Bxb5 27. axb5 Rxa1 28. Bxa1 Bc1 29. b6 Nd5 30. b7
1-0

[Event "The next great mini-tournament (1700-2100) "]
[Site "SchemingMind.com"]
[Date "2008.10.31"]
[Round "-"]
[White "ibukuno"]
[Black "aadaam"]
[Result "1-0"]
[WhiteCountry "NGR"]
[BlackCountry "INT"]
[WhiteElo "1867"]
[WhiteRD "74"]
[BlackElo "1780"]
[BlackRD "44"]
[GameID "177018"]

1. e4 e6 2. d4 d5 3. exd5 exd5 4. Nf3 c5 5. Nc3 c4 6. Be2 Nf6 7. O-O Be7 8. Bf4 O-O 9. Re1 Nc6 10. Nb5 a6
11. Nc3 Re8 12. Ne5 Bf5 13. Bf3 Bb4 14. Bg5 h6 15. Bxf6 Qxf6 16. Nxd5 Qd6 17. c3 Ba5 18. Nxc4 Rxe1+ 19. Qxe1 Qe6 20. Nde3 Be4
21. d5 Qg6 22. Bxe4 Qxe4 23. dxc6
1-0

[Event "The next great mini-tournament (1700-2100) "]
[Site "SchemingMind.com"]
[Date "2008.10.31"]
[Round "-"]
[White "keen"]
[Black "ibukuno"]
[Result "1/2-1/2"]
[WhiteCountry "SCO"]
[BlackCountry "NGR"]
[WhiteElo "1694"]
[WhiteRD "57"]
[BlackElo "1840"]
[BlackRD "73"]
[GameID "177019"]

1. e4 e5 2. Nf3 Nc6 3. Bb5 d6 4. O-O Nf6 5. Re1 Be7 6. h3 Bd7 7. c3 O-O 8. d4 exd4 9. cxd4 a6 10. Ba4 b5
11. Bc2 Nb4 12. Bb3 c5 13. e5 dxe5 14. dxe5 Ne8 15. a3 Nc6 16. Bc2 Nc7 17. Qd3 g6 18. Bh6 Re8 19. Nc3 Ne6 20. Nd5 Ng7
21. Nf6+ Bxf6 22. exf6 Nf5 23. Bg5 h6 24. Rxe8+ Bxe8 25. Qxd8 Rxd8 26. Bxf5 gxf5 27. Bxh6 Nd4 28. Nh4 Bc6 29. Kh2 Kh7 30. Bg7 Be4
31. f3 Bd3 32. Re1 Ne6 33. Re5 Nxg7=
1/2-1/2

[Event "The next great mini-tournament (1700-2100) "]
[Site "SchemingMind.com"]
[Date "2008.11.02"]
[Round "-"]
[White "harmy"]
[Black "ibukuno"]
[Result "1-0"]
[WhiteCountry "USA"]
[BlackCountry "NGR"]
[WhiteElo "1864"]
[WhiteRD "88"]
[BlackElo "1867"]
[BlackRD "74"]
[GameID "177020"]

1. d4 d5 2. c4 Nf6 3. Nf3 b6 4. cxd5 Nxd5 5. e4 Nf6 6. Nc3 e6 7. Bg5 Be7 8. Bb5+ Nbd7 9. Ne5 O-O 10. Nc6 Qe8
11. e5 Nd5 12. Nxd5 Bxg5 13. Nxc7
1-0

[Event "The next great mini-tournament (1700-2100) "]
[Site "SchemingMind.com"]
[Date "2008.11.02"]
[Round "-"]
[White "RIMA7000"]
[Black "ibukuno"]
[Result "1-0"]
[WhiteCountry "PER"]
[BlackCountry "NGR"]
[WhiteElo "2067"]
[WhiteRD "93"]
[BlackElo "1840"]
[BlackRD "73"]
[GameID "177021"]

1. d4 d5 2. c4 Nf6 3. cxd5 Nxd5 4. Nf3 Nc6 5. e4 Nf6 6. d5 Nb8 7. Nc3 e6 8. Bg5 Be7 9. Qc2 exd5 10. O-O-O c6
11. exd5 Qa5 12. d6 Bd8 13. Re1+ Be6 14. Qb3 Qb6 15. Rxe6+ fxe6 16. Qxe6+ Kf8 17. Ne5
1-0

[Event "The next great mini-tournament (1700-2100) "]
[Site "SchemingMind.com"]
[Date "2008.11.02"]
[Round "-"]
[White "GBEDARD"]
[Black "ibukuno"]
[Result "1-0"]
[WhiteCountry "USA"]
[BlackCountry "NGR"]
[WhiteElo "2060"]
[WhiteRD "108"]
[BlackElo "1867"]
[BlackRD "74"]
[GameID "177022"]

1. e4 e5 2. Nf3 Nc6 3. Bb5 d6 4. d4 exd4 5. Qxd4 Bd7 6. Bxc6 Bxc6 7. Nc3 Nf6 8. Be3 Be7 9. Qd3 Ng4 10. Bd4 O-O
11. h3 Nf6 12. O-O-O Nh5 13. Be3 a6 14. g4 Nf6 15. Nd4 Bd7 16. f4 c5 17. Nf5 b5 18. Nxe7+ Qxe7 19. Qxd6 Qxd6 20. Rxd6 Rfd8
21. Rhd1 Kf8 22. e5
1-0

[Event "The next great mini-tournament (1700-2100) "]
[Site "SchemingMind.com"]
[Date "2008.10.31"]
[Round "-"]
[White "aadaam"]
[Black "ibukuno"]
[Result "0-1"]
[WhiteCountry "INT"]
[BlackCountry "NGR"]
[WhiteElo "1780"]
[WhiteRD "44"]
[BlackElo "1867"]
[BlackRD "74"]
[GameID "177023"]

1. e4 e5 2. Nf3 Nc6 3. Bc4 Nf6 4. d4 d6 5. d5 Ne7 6. Qe2 Ng6 7. O-O Be7 8. Bb5+ Bd7 9. Bxd7+ Qxd7 10. c4 O-O
11. Nc3 Rac8 12. b3 c6 13. Bb2 cxd5 14. exd5 Nf4 15. Qc2 Qg4 16. Ne1 N6h5 17. f3 Qg5 18. Ne4 Qg6 19. Nd3 f5 20. Nxf4 Nxf4
21. Ng3 Bh4 22. Nxf5 Qxf5 23. Qxf5 Rxf5 24. g3 Nd3 25. Ba3 Be7 26. Rad1 Nc5 27. Rde1 b6 28. f4 Bf6 29. fxe5 Rxf1+ 30. Rxf1 Bxe5
31. Re1 Rf8 32. Bxc5 bxc5 33. Kg2 g6 34. h3 Kg7 35. g4 Rf4 36. Rf1 Rxf1 37. Kxf1 a5 38. Kf2 Kf6 39. Ke3 Kg5 40. Kf3 Kh4
41. Kg2 g5
0-1

[Event "The next great mini-tournament (1700-2100) "]
[Site "SchemingMind.com"]
[Date "2008.11.02"]
[Round "-"]
[White "mebalse"]
[Black "keen"]
[Result "1-0"]
[WhiteCountry "URU"]
[BlackCountry "SCO"]
[WhiteElo "1848"]
[WhiteRD "72"]
[BlackElo "1650"]
[BlackRD "57"]
[GameID "177240"]

1. e4 c6 2. f4 d5 3. e5 Bf5 4. d4 e6 5. Nf3 c5 6. Bb5+ Nc6 7. Be3 Qb6 8. Nc3 a6 9. Bxc6+ Qxc6 10. Kf2 Nh6
11. h3 Be7 12. a4 O-O 13. a5 b6 14. axb6 Qxb6 15. Na4 Qc6 16. dxc5 Be4 17. Nd4 Qc7 18. b4 Bh4+ 19. Kf1 Rae8 20. Nc3 f5
21. Nxe4 fxe4 22. Qg4 Nxg4 23. hxg4 Bd8 24. Rxa6 Qb7 25. b5 Bg5 26. g3 Bd8 27. Kg2 Qc8 28. Nc6 Rf7 29. Nxd8 Rxd8 30. c3 Rc7
31. Rb1 Re8 32. c6 Ree7 33. Bc5 Rf7 34. Rba1 Qe8 35. Bd6 Rc8 36. g5 g6 37. R1a4 h6 38. gxh6 Rh7 39. Ra7 Rxh6 40. Re7 Qf8
41. Rh7 Rxh7 42. Bxf8 Kxf8 43. c4 Ke8 44. cxd5 exd5 45. Rd4 Ra8 46. Rxd5 Ra2+ 47. Kg1 Rhh2 48. Rd1 Rag2+ 49. Kf1 Rh1+ 50. Kxg2 Rxd1
51. b6 Kd8 52. g4 Rd3 53. e6 Rd6 54. c7+ Kc8 55. f5 gxf5 56. gxf5 e3 57. e7
1-0